Indonesia : Fourth Post-Program Monitoring Discussions.

Indonesia's Fourth Post-Program Monitoring discussions highlight that short-term macroeconomic indicators and near-term prospects have deteriorated. Financial sector vulnerabilities have increased in the face of rising interest rates and a slowing economy, but the overall banking sector remains...

وصف كامل

التفاصيل البيبلوغرافية
مؤلف مشترك: International Monetary Fund
التنسيق: دورية
اللغة:English
منشور في: Washington, D.C. : International Monetary Fund, 2006.
سلاسل:IMF Staff Country Reports; Country Report ; No. 2006/085
الوصول للمادة أونلاين:Full text available on IMF
LEADER 01617cas a2200241 a 4500
001 AALejournalIMF004072
008 230101c9999 xx r poo 0 0eng d
020 |c 5.00 USD 
020 |z 9781451818369 
022 |a 1934-7685 
040 |a BD-DhAAL  |c BD-DhAAL 
110 2 |a International Monetary Fund. 
245 1 0 |a Indonesia :   |b Fourth Post-Program Monitoring Discussions. 
264 1 |a Washington, D.C. :  |b International Monetary Fund,  |c 2006. 
300 |a 1 online resource (39 pages) 
490 1 |a IMF Staff Country Reports 
500 |a <strong>Off-Campus Access:</strong> No User ID or Password Required 
500 |a <strong>On-Campus Access:</strong> No User ID or Password Required 
506 |a Electronic access restricted to authorized BRAC University faculty, staff and students 
520 3 |a Indonesia's Fourth Post-Program Monitoring discussions highlight that short-term macroeconomic indicators and near-term prospects have deteriorated. Financial sector vulnerabilities have increased in the face of rising interest rates and a slowing economy, but the overall banking sector remains resilient to moderate credit, interest, and depreciation risks. Improved budget execution could help cushion the downturn. Reducing delays in disbursing funds to executing agencies and better project implementation would help offset the expected decline in private consumption. 
538 |a Mode of access: Internet 
830 0 |a IMF Staff Country Reports; Country Report ;  |v No. 2006/085 
856 4 0 |z Full text available on IMF  |u http://elibrary.imf.org/view/journals/002/2006/085/002.2006.issue-085-en.xml  |z IMF e-Library